000 00397nam a2200133Ia 4500
008 220204s9999 xx 000 0 und d
082 _a31:631
_bRAG;1
100 _aRAGHAVARAO, Damaraju
245 0 _aStatistical techniques in agricultural and biological researach.
260 _aNew Delhi
_bOxford & IBH
_c1983
650 _aAgricultural statistics
650 _aExperimental design
942 _cBK
999 _c37102
_d37102